The golden book of management

محفوظ في:
التفاصيل البيبلوغرافية
المؤلفون الرئيسيون: Urwick, Lyndall F (مؤلف), Wolf, William B (مؤلف)
التنسيق: كتاب
اللغة:الإنجليزية
منشور في: Nueva York Amacom 1984
الطبعة:2a. ed
الموضوعات:
الوسوم: إضافة وسم
لا توجد وسوم, كن أول من يضع وسما على هذه التسجيلة!

MARC

LEADER 00000nam a2200000 a 4500
001 UCR9599
003 CL-VaPUC
008 980613e19840000US |||||||||||||||||eng|d
082 0 4 |a 013.658  |b URW  |2 21 
100 0 |a Urwick, Lyndall F  |e author  |9 412303 
700 0 |a Wolf, William B  |e author  |9 412304 
245 1 4 |a The golden book of management 
250 |a 2a. ed 
300 |a 488 p 
942 |c BK 
945 |d 19980613 00:00:00  |a cmena 
260 |a Nueva York  |b Amacom  |c 1984 
650 0 |a Bibliografías   |9 257071 
650 0 |a Biobibliografías  |9 412305 
650 0 |a Administración de empresas   |9 260833 
650 7 |a EMPRESARIOS  |2 CL-VaPUC  |9 315086 
650 0 |a Administradores  |9 342221 
583 |a last modification  |c 19980613 00:00:00  |k Rodrigo Vera 
999 |c 270785  |d 270783 
952 |0 0  |1 0  |4 0  |6 013_658000000000000_URW_1984  |7 0  |8 A  |9 305186  |a BIBGIM  |b BIBGIM  |d 2019-11-20  |i 1419390  |o 013.658 URW 1984  |p 1419390  |r 2025-01-15  |w 2019-11-20  |y BK  |k COM 
952 |0 0  |1 0  |4 0  |6 013_658000000000000_URW_1984  |7 0  |8 A  |9 305187  |a BIBGIM  |b BIBGIM  |d 2019-11-20  |i 1419404  |o 013.658 URW 1984  |p 1419404  |r 2025-01-15  |w 2019-11-20  |y BK  |k COM